Mikä päivä tai kuukausi puuttuu biisistä? - Statistics

Yleistilastot
  • Tätä visaa on pelattu 44 kertaa
    43 viimeisimmän päivityksen jälkeen
  • Keskiarvotulos 14 / 29
Vastaustilastot
Hint Vastaus % Oikein
En aio käyttää kenkii ennen ________ Kun kadut kaupungissa on kaikki autioina Mikael Gabriel Riippumatto Elokuuta
76%
Kesä________ nyt Oon mökille lähtenyt Polttopuut tehty jo Haloo Helsinki Ei suomalaiset tanssi Lauantai
70%
_________aamuna krapula ja vapina Tuijotan vessan seinää Leevi and the Leavings Unelmia ja toimistohommia Maanantai
70%
Jos sen naapurin Liisan vain omaksi saisin Häntä lempisin muulloinkin kun ___________ Arttu Wiskari Pilvilinna Lauantaisin
65%
Etkö tiedä Voi yksinäisen miehen viedä _________ Miljoonasade Marraskuu
65%
__________ viima vasten puhaltaa Helsingin kadut tulvii loskaa Sanni Me ei olla enää me Marraskuun
65%
Mä oon häis, __________ ja __________ Sä saat lampait, jos sä oot jäis Ja istut vaimon kaa himas JVG Häissä Perjantait, lauantait
62%
Näin myöhään yöllä harvemmin onni enää valvoo Mutta ________aamu ymmärsi väistyä tieltä Jenni Vartiainen Dura duran Lauantai
59%
Se on yhtä varmaa, kun _________ harmaa Et rikollinen palaa aina rikospaikalle Vilma Alina Rikollinen Marraskuu
59%
Revi mun vaatteet ja huuda mun nimee Ja muistellaan aina sitä yhtä ___________ Erin Sunnuntaita
59%
________ ja __________ välisen' yönä (mä en ees tiedä mikä päivä nyt on) Roope Salminen & Koirat Madafakin darra Tiistain, sunnuntain
59%
Kuuman _________ yössä hehkuen Sanoit: "Pakahtuu mun sydän janoinen" Juha Tapio Ohikiitävää Heinäkuun
51%
Keltainen ________ mikset sä jo tuu Oon turhaan odottanut tuulta lempeää Aikakone Toukokuu
51%
Kesken ___________ siivouspäivän Sai puhelimeen viestin äidiltään Isä muutti pois, muutti tänään pois Juha Tapio Mitä silmät ei nää Toukokuisen
46%
On ________, ja mul ei oo ketään Taas kaikki muut aamulla herää Sanni Hei kevät Toukokuu
46%
ja yönä erään _________ tytär herää, pukeutuu ikkunasta lähtee maailman pauhuun Maija Vilkkumaa Ei Heinäkuun
43%
Otettiin ilmoitus mummolle talteen __________ hesarin Mira Luoti Sunnuntain
43%
Rautatieasema ___________ ruuhkaisa Kaikilla tuntuu olevan kiire ja suunta Sanni Jos mä oon oikee Maanantaina
41%
Se varmaan alko sillon ____________ Kun siellä teidän firman pikkujouluissa Olli Halonen Miten käärmeet lisääntyy Marraskuussa
41%
Yritän vielki vaik en taida Yli korkeen aidan Uusiks taas ___________ Vaik talo kai voittaaki aina Viivi & JVG Mitä näil korteil saa Maanantaina
38%
Kirkko ja kesä________ Kaksi sormuksensa sai Riisiin sekoittuu tähtipöly Samuli Edelmann Tähtipölyä Lauantai
35%
Jos tahdot tietää mitä on pimeä Asu luonani _______ Maarit Hurmerinta Jos tahdot tietää Lokakuu
35%
Koivun huminaa Kuulen, kun ___________ nurmella makaan jokaisen kevätlaulun osaan ulkoa Paula Vesala Sinuun minä jään Toukokuussa
35%
Elämä ku pihajuhlat ___________ Pöytäliinat puhtaan valkosii Janna Sateet Heinäkuussa
27%
Raastupa, kirkko ja sairaala Kohokohtamme ________ Olli Halonen Synnytty saunomaan Lauantai
27%
_________vakion kiskalla täytin Viimisen kolikon siihen mä käytin Roope Salminen & Koirat Vituiks män Lauantain
27%
Bembölen radan _______-turnauksessa Poikani kilpailua kuvatessa Arttu Wiskari Monaco Tiistai
24%
Sain __________ ennenaikaisen joulun Ihmeen kaupalla aukes ovi korkeakoulun Arttu Wiskari Ystävän remppa Kesäkuussa
22%
________ ja pääskysii Mä muistan sen ku eilispäivän Sä käänsit pään, me hymyiltiin Janna Rakkauslaulu Toukokuu
22%
Ehtoja vastaavia visoja ei löytynyt
Tulosjakauma
Jokaisen tuloksen saaneiden osuus
Persentiili vastausten määrän mukaan
Tuloshistoriasi
Et ole pelannut tätä visaa sen viimeisimmän päivityksen jälkeen